| 000 | 02119cam a22004934i 4500 | ||
|---|---|---|---|
| 003 | PE-LiUPU | ||
| 005 | 20250731173339.0 | ||
| 008 | 150706s2006 ag a rb 000 0 spa d | ||
| 020 | _a9508617926 | ||
| 035 | _a(Sirsi) i9789508617927 | ||
| 040 |
_aPE-LiUPU _bspa _cPE-LiUPU _erda |
||
| 049 | _aPRUA | ||
| 082 | 0 | 4 |
_a215 _bR46 _221 |
| 100 | 1 |
_aRevidatt, Diocles A., _eautor. |
|
| 245 | 1 | 0 |
_aY todo esto por nosotros : _bla ciencia médica frente a la pasión y muerte de nuestro Señor Jesucristo / _cDiocles A. Revidatti y Diocles A. Revidatti (h). |
| 264 | 1 |
_aBuenos Aires : _bSan Pablo, _c2006. |
|
| 300 |
_a212 páginas : _bilustraciones ; _c21 centímetros |
||
| 336 |
_atext _2rdacontent |
||
| 337 |
_aunmediated _2rdamedia |
||
| 338 |
_avolume _2rdacarrier |
||
| 504 | _aIncluye bibliografía. | ||
| 505 | 0 | _aAclaración -- Agradecimiento -- Presentación -- Noche de Jueves Santo -- Viernes, de 3 a 5 de la mañana -- La flagelación -- La coronación de espinas -- Viernes, 6 de la mañana -- La flagelación -- La coronación de espinas -- Viernes, diez de la mañana -- La crucifixión -- Viernes: once de la mañana -- Cristo muere en la crus (Viernes hora nona, quine horas) -- Agua -- Sangre. | |
| 526 | _aSEG42 | ||
| 526 | _aSEG41 | ||
| 526 | _aSEG40 | ||
| 526 | _aSEG39 | ||
| 526 | _aP94 | ||
| 526 | _aP87 | ||
| 526 | _aP86 | ||
| 526 | _aP85 | ||
| 526 | _aP77 | ||
| 526 | _aP76 | ||
| 526 | _aP35 | ||
| 541 | _g021-0111126; | ||
| 650 | 0 | 4 | _aCiencia y religión. |
| 650 | 0 | 4 | _aCrucifixión. |
| 700 | 1 |
_aRevidatti, Diocles A. (h), _eautor. |
|
| 910 |
_agl _bjv _cng _d20090908 |
||
| 942 |
_2ddc _cBOOK |
||
| 949 |
_a215 R46 _wDEWEY _c1 _i60249 _lCCODEBUL1 _mBUL _p9.00 _r0 _sY _tBOOK _u2015-7-6 _xTEOLOGIA _zUNKNOWN _0COMPRA _o.STAFF. Colección Teología |
||
| 994 |
_aC0 _bPEPRU |
||
| 596 | _a1 | ||
| 999 |
_a215 R46 _wDEWEY _c49710 _i60249 _d49710 _e2018-3-19 _f2021-11-9 _g5 _lCCODEBUL1 _mBUL _n3 _p9.00 _r0 _sY _tBOOK _u2015-7-6 _xTEOLOGIA _PP35 _0COMPRA _o.STAFF. Colección Teología |
||
| 980 |
_81 _gALBERTO SANCHEZ Responsable de Automatización |
||